00528na a2200205 450000100060000000300080000600500170001400800410003103500100007204000250008204100080010722200290011524500290014424600250017326000380019830000210023661000210025765000150027878000290029321904MIRAKIL20181226092846.0170208b tu n0 0 0  a20918 aMilasbturcTR-AnCHP atur aT.B.M.M. tutanak dergisi aT.B.M.M. Tutanak Dergisi aTBMM tutanak dergisi aAnkarabT.B.M.M. Matbaasıc1954- ac.bres.c27 sm. aTBMMvTutanaklar aTutanaklar aT.B.M.M. zabıt ceridesi